Juristenausbildung in Europa zwischen tradition und reform

Gespeichert in:
Bibliographische Detailangaben
Hauptverfasser: Baldus, Christían (prólogo), Finkenauer, Thomas (VerfasserIn), Rüfner, Thomas (VerfasserIn)
Format: Buch
Sprache:Deutsch
Veröffentlicht: Heidelberg Mohr Siebeck 2008
Schlagworte:
Tags: Tag hinzufügen
Keine Tags, Fügen Sie den ersten Tag hinzu!

MARC

LEADER 00000nam a2200000 a 4500
001 UCI7963
003 CL-VaPUC
005 20220726102323.0
008 080731e20080000gw 1 ger d
020 |a 9783161495786 
082 0 4 |a 340.943  |b BAL  |2 21 
100 |a Baldus, Christían  |e prólogo   |9 621246 
700 1 |a Finkenauer, Thomas  |e author  |9 621247 
700 1 |a Rüfner, Thomas  |e author  |9 621248 
245 1 0 |a Juristenausbildung in Europa zwischen tradition und reform 
260 |a Heidelberg  |b Mohr Siebeck  |c 2008 
300 |a 388 p 
583 |a last modification  |c 20190828 11:03:59  |k Rodrigo Vera 
650 0 0 |a Juristas  |9 255986 
651 0 |a Europa  |9 255156 
942 |c BK 
945 |a rbrito  |d 20080731 00:00:00 
546 |a En Alemán 
536 |a Internationalen tagung juristenausbildung in Europa zwischen tradition und reform, 1, Heidelberg, 23-25 novembre 2007 
999 |c 384376  |d 384374 
952 |0 0  |1 0  |4 0  |6 340_943000000000000_BAL_2008  |7 0  |8 A  |9 507046  |a BIBDER  |b BIBDER  |d 2020-01-23  |i 4464834  |o 340.943 BAL 2008  |p 4464834  |r 2020-01-23  |w 2020-01-23  |y BK  |k DER